Online
Catalog

Investidura ordinaria 28 de octubre, 1989 celebrada a las 5 de la tarde en la Plaza de los Heroes de abril en la ciudad universitaria : (Record no. 45159)

MARC details
000 -CABECERA
campo de control de longitud fija 00517nam a2200133 a 4500
001 - NÚMERO DE CONTROL
campo de control 000045670
005 - FECHA Y HORA DE LA ÚLTIMA TRANSACCIÓN
campo de control 20210628225112.0
008 - DATOS DE LONGITUD FIJA--INFORMACIÓN GENERAL
campo de control de longitud fija 150422s1989 dr 000 0 spa d
040 ## - FUENTE DE LA CATALOGACIÓN
Centro catalogador/agencia de origen DO-SdBNP
Lengua de catalogación spa
Centro/agencia transcriptor BNPHU
110 ## - ENTRADA PRINCIPAL--NOMBRE DE ENTIDAD CORPORATIVA
Nombre de entidad corporativa o nombre de jurisdicción como elemento de entrada Universidad Autónoma de Santo Domingo
9 (RLIN) 76692
245 10 - MENCIÓN DE TÍTULO
Título Investidura ordinaria 28 de octubre, 1989 celebrada a las 5 de la tarde en la Plaza de los Heroes de abril en la ciudad universitaria :
Resto del título programa/.
260 ## - PUBLICACIÓN, DISTRIBUCIÓN, ETC.
Lugar de publicación, distribución, etc. Santo Domingo :
Nombre del editor, distribuidor, etc. Editora universitaria,
Fecha de publicación, distribución, etc. 1989.
300 ## - DESCRIPCIÓN FÍSICA
Extensión 41 p. ;
Dimensiones 21 cm.
Holdings
Estado de retiro Estado de pérdida No para préstamo Código de colección Localización permanente Ubicación/localización actual Ubicación en estantería Fecha de adquisición Número de inventario Total de préstamos Signatura topográfica completa Código de barras Fecha visto por última vez Precio válido a partir de Tipo de ítem Koha
    Excluido de préstamo Patrimonio Dominicano Patrimonio Dominicano Patrimonio Dominicano Depósito 22.04.2015 LF1   45670-10 25.06.2020 25.06.2020 Libro y Folleto Colección Patrimonio Dominicano

Powered by Koha